The Mediterranean prescription : (Record no. 160)
[ view plain ]
| 000 -LEADER | |
|---|---|
| fixed length control field | 02099cam a22003494a 4500 |
| 005 - DATE AND TIME OF LATEST TRANSACTION | |
| control field | 20260322212008.0 |
| 008 - FIXED-LENGTH DATA ELEMENTS--GENERAL INFORMATION | |
| fixed length control field | data |
| 010 ## - LIBRARY OF CONGRESS CONTROL NUMBER | |
| LC control number | 2005044489 |
| 020 ## - INTERNATIONAL STANDARD BOOK NUMBER | |
| International Standard Book Number | 9780345479242 |
| 020 ## - INTERNATIONAL STANDARD BOOK NUMBER | |
| International Standard Book Number | 0345479246 |
| 040 ## - CATALOGING SOURCE | |
| Original cataloging agency | DLC |
| Transcribing agency | DLC |
| Modifying agency | DLC |
| -- | BAKER |
| -- | OCO |
| -- | BUR |
| -- | OCLCA |
| -- | DLC |
| 042 ## - AUTHENTICATION CODE | |
| Authentication code | pcc |
| 043 ## - GEOGRAPHIC AREA CODE | |
| Geographic area code | mm----- |
| 050 00 - LIBRARY OF CONGRESS CALL NUMBER | |
| Classification number | RA784 |
| Item number | .A257 2006 |
| 082 00 - DEWEY DECIMAL CLASSIFICATION NUMBER | |
| Classification number | 613.2 |
| Edition information | 22 |
| 092 ## - LOCALLY ASSIGNED DEWEY CALL NUMBER (OCLC) | |
| Classification number | 613.2 A257 2006 |
| 001 - CONTROL NUMBER | |
| control field | data |
| 100 1# - MAIN ENTRY--PERSONAL NAME | |
| Personal name | Acquista, Angelo. |
| 245 14 - TITLE STATEMENT | |
| Title | The Mediterranean prescription : |
| Remainder of title | meal plans and recipes to help you stay slim and healthy for the rest of your life / |
| Statement of responsibility, etc. | Angelo Acquista & Laurie Anne Vandermolen. |
| 250 ## - EDITION STATEMENT | |
| Edition statement | 1st ed. |
| 260 ## - PUBLICATION, DISTRIBUTION, ETC. | |
| Place of publication, distribution, etc. | New York : |
| Name of publisher, distributor, etc. | Ballantine Books, |
| Date of publication, distribution, etc. | c2006. |
| 300 ## - PHYSICAL DESCRIPTION | |
| Extent | xii, 306 p. ; |
| Dimensions | 25 cm. |
| 500 ## - GENERAL NOTE | |
| General note | Includes index. |
| 520 ## - SUMMARY, ETC. | |
| Summary, etc. | The island of Sicily has historically one of the healthiest diets in the world. Now the flavors and benefits of Sicilian cooking are yours to savor in this weight-loss program. Created by physician Acquista, who has successfully counseled patients on weight management for years, the program starts with a two-week weight-loss stage that includes simple recipes to help you lose eight to ten pounds right away. Dr. Acquista culled his Sicilian mother's recipe box for the most mouthwatering recipes--plus he includes meals from famous chefs at top Italian restaurants, such as Cipriani and Serafina. The Sicilian way of cooking and combining foods means less snacking in between meals, and less temptation to fill up on desserts. Also, a two-week "tough love" stage helps you kick the habit of sugar, junk food, and preservatives.--From publisher description. |
| 650 #0 - SUBJECT ADDED ENTRY--TOPICAL TERM | |
| Topical term or geographic name entry element | Nutrition. |
| 650 #0 - SUBJECT ADDED ENTRY--TOPICAL TERM | |
| Topical term or geographic name entry element | Diet |
| Geographic subdivision | Mediterranean Region. |
| 650 #0 - SUBJECT ADDED ENTRY--TOPICAL TERM | |
| Topical term or geographic name entry element | Cookery, Mediterranean. |
| 700 1# - ADDED ENTRY--PERSONAL NAME | |
| Personal name | Vandermolen, Laurie Anne. |
| 856 42 - ELECTRONIC LOCATION AND ACCESS | |
| Materials specified | Contributor biographical information |
| Uniform Resource Identifier | <a href="http://www.loc.gov/catdir/enhancements/fy0633/2005044489-b.html">http://www.loc.gov/catdir/enhancements/fy0633/2005044489-b.html</a> |
| 856 42 - ELECTRONIC LOCATION AND ACCESS | |
| Materials specified | Publisher description |
| Uniform Resource Identifier | <a href="http://www.loc.gov/catdir/enhancements/fy0633/2005044489-d.html">http://www.loc.gov/catdir/enhancements/fy0633/2005044489-d.html</a> |
| 856 41 - ELECTRONIC LOCATION AND ACCESS | |
| Materials specified | Sample text |
| Uniform Resource Identifier | <a href="http://www.loc.gov/catdir/enhancements/fy0622/2005044489-s.html">http://www.loc.gov/catdir/enhancements/fy0622/2005044489-s.html</a> |
| Withdrawn status | Lost status | Damaged status | Not for loan | Home library | Current library | Shelving location | Date acquired | Total checkouts | Full call number | Barcode | Date last seen | Price effective from | Koha item type |
|---|---|---|---|---|---|---|---|---|---|---|---|---|---|
| Midway | Midway | General stacks | 22/03/2026 | 613.2 22 | BC0010165 | 22/03/2026 | 22/03/2026 | Books |